Catálogo

Vista normal Vista MARC

Entrada Personal Name

Número de registros utilizados en: 1

001 - CONTROL NUMBER

  • control field: 14822

003 - CONTROL NUMBER IDENTIFIER

  • control field: DLC

005 - DATE AND TIME OF LATEST TRANSACTION

  • control field: 20230911114908.0

008 - FIXED-LENGTH DATA ELEMENTS

  • fixed length control field: 870518n| azannaabn |n aaa

010 ## - LIBRARY OF CONGRESS CONTROL NUMBER

  • LC control number: n 86065594

035 ## - SYSTEM CONTROL NUMBER

  • System control number: (OCoLC)oca01857161

040 ## - CATALOGING SOURCE

  • Original cataloging agency: DLC
  • Language of cataloging: spa
  • Transcribing agency: Mx-PuUPA
  • Modifying agency: DLC
  • Modifying agency: TMM
  • Modifying agency: DLC
  • Description conventions: rda
  • Description conventions: Mx-PuUPA

100 1# - HEADING--PERSONAL NAME

  • Personal name: Lievrouw, Leah A.,

374 ## - OCCUPATION

  • Occupation: Autor

375 ## - GENDER

  • Gender: hombre

377 ## - ASSOCIATED LANGUAGE

  • Language code: eng

670 ## - SOURCE DATA FOUND

  • Source citation: Competing visions, complex realities, 1987:
  • Information found: CIP t.p. (Leah Lievrouw) book t.p. (Leah A. Lievrouw; Dept. of Communication, Sch. of Communication, Information, and Library Studies, Rutgers, the State Univ. of N.J.)

670 ## - SOURCE DATA FOUND

  • Source citation: Dissertation Abstracts International, 47, no. 06A via WWW, viewed Aug. 27, 2007
  • Information found: p. 1914 (Leah Anne Lievrouw)

670 ## - SOURCE DATA FOUND

  • Source citation: Challenging communication research, 2014:
  • Information found: ECIP t.p. (Leah A. Lievrouw) data view (prof., Dept. of Information Studies, Grad. School of Education and Information Studies, UCLA)